[Event "49th Ilmar Raud Memorial"]
[Site "Viljandi"]
[Date "2015.07.05"]
[Round "9.9"]
[White "Berzinsh, Roland"]
[Black "Vorobjov, Pavel"]
[Result "1-0"]
[WhiteElo "2402"]
[BlackElo "2201"]
[PlyCount "143"]
[EventDate "2015.??.??"]
[EventCountry "EST"]

1. d4 Nf6 2. Nf3 c5 3. e3 e6 4. c4 cxd4 5. exd4 d5 6. Nc3 Be7 7. Bd3 O-O 8. O-O
Nc6 9. a3 dxc4 10. Bxc4 b6 11. Bg5 Bb7 12. Qd3 Nd5 13. h4 Nxc3 14. bxc3 Na5 15.
Bxe7 Qxe7 16. Ng5 g6 17. Ba2 h6 18. Nf3 Bxf3 19. Qxf3 Qxh4 20. Rfe1 Kg7 21. d5
exd5 22. Bxd5 Rac8 23. Re4 Qg5 24. Rf4 f5 25. c4 Nb3 26. Rd1 Nc5 27. Rfd4 Qf6
28. R4d2 Rfe8 29. a4 Rc7 30. a5 bxa5 31. Qa3 a4 32. Rb2 Rce7 33. Rbb1 Ne4 34.
Rbc1 Qh4 35. Qa1+ Kh7 36. Qd4 Qf6 37. Qxf6 Nxf6 38. Bc6 Rc8 39. Bxa4 Ne4 40.
Bb5 Kg7 41. Rd5 Nc5 42. Rd6 Rcc7 43. Rcd1 Re6 44. Rxe6 Nxe6 45. Rd6 Kf7 46. Kf1
Ke7 47. Ra6 g5 48. g3 h5 49. Kg2 g4 50. f4 h4 51. gxh4 Nxf4+ 52. Kg3 Nh5+ 53.
Kf2 Kf7 54. Bc6 f4 55. Bd5+ Kg7 56. Be6 Nf6 57. Bf5 Re7 58. c5 g3+ 59. Kf3 Nd5
60. h5 Re3+ 61. Kg2 Re2+ 62. Kf3 Rf2+ 63. Ke4 Nf6+ 64. Ke5 Nxh5 65. Rxa7+ Kf8
66. c6 Re2+ 67. Be4 Nf6 68. Kxf6 Rxe4 69. c7 Re8 70. Rb7 Rc8 71. Rb8 Ke8 72.
Ke6 1-0

[Event "49th Ilmar Raud Memorial"]
[Site "Viljandi"]
[Date "2015.07.05"]
[Round "9.10"]
[White "Shishkov, Andrei"]
[Black "Kanep, Siim"]
[Result "1/2-1/2"]
[WhiteElo "2387"]
[BlackElo "2161"]
[PlyCount "38"]
[EventDate "2015.??.??"]
[EventCountry "EST"]

1. Nf3 Nf6 2. b3 g6 3. Bb2 Bg7 4. g3 O-O 5. Bg2 d6 6. d4 Nbd7 7. c4 e5 8. Nc3
e4 9. Ng5 e3 10. f4 c6 11. O-O Ng4 12. d5 c5 13. Qc1 Nh6 14. Nd1 Bxb2 15. Qxb2
Nf5 16. Bh3 Nd4 17. Nf3 Qf6 18. Rc1 Re8 19. Kg2 b5 1/2-1/2

[Event "49th Ilmar Raud Memorial"]
[Site "Viljandi"]
[Date "2015.07.05"]
[Round "9.11"]
[White "Tominga, Eke"]
[Black "Krupenski, Juri"]
[Result "1/2-1/2"]
[WhiteElo "2036"]
[BlackElo "2339"]
[PlyCount "120"]
[EventDate "2015.??.??"]
[EventCountry "EST"]

1. e4 c5 2. Nf3 d6 3. d4 cxd4 4. Nxd4 Nf6 5. Nc3 a6 6. Bg5 e6 7. f4 h6 8. Bh4
Be7 9. Qf3 Nbd7 10. O-O-O Qc7 11. g4 g5 12. fxg5 Ne5 13. Qe2 Nfxg4 14. Bh3 hxg5
15. Bxg4 Rxh4 16. h3 Bd7 17. Nf3 Rh7 18. Nxe5 dxe5 19. Rhf1 b5 20. Bh5 O-O-O
21. Rxf7 Rxf7 22. Bxf7 Rf8 23. Bh5 Bc5 24. Rf1 Rf4 25. Qg2 Bc6 26. Rxf4 exf4
27. Nd1 Qe5 28. Bf3 Bd4 29. Kb1 Qc5 30. Qg4 Qe5 31. Qg2 Qc5 32. h4 gxh4 33.
Qg8+ Kd7 34. Qf7+ Qe7 35. Qxf4 Qf6 36. Qd2 Kc7 37. Bg2 Kb6 38. c3 Bc5 39. b4
Bf8 40. a4 bxa4 41. Nb2 Kc7 42. Nc4 h3 43. Bxh3 Bxe4+ 44. Kb2 Bd5 45. Qh2+ Kb7
46. Na5+ Kc8 47. Qe2 Kd7 48. Nc4 Bxb4 49. Ne5+ Kd6 50. cxb4 Qxe5+ 51. Qxe5+
Kxe5 52. Bxe6 Bxe6 53. Ka1 Kd4 54. Kb1 Kc3 55. Ka1 a3 56. Kb1 Bb3 57. Ka1 Ba4
58. Kb1 Kb3 59. Ka1 a2 60. b5 axb5 1/2-1/2

[Event "49th Ilmar Raud Memorial"]
[Site "Viljandi"]
[Date "2015.07.05"]
[Round "9.12"]
[White "Soskov, Vjacheslav"]
[Black "Petrov, Dmitri"]
[Result "1/2-1/2"]
[WhiteElo "2289"]
[BlackElo "2083"]
[PlyCount "107"]
[EventDate "2015.??.??"]
[EventCountry "EST"]

1. e4 d5 2. exd5 Qxd5 3. Nc3 Qd6 4. d4 Nf6 5. Nf3 g6 6. Ne5 Bg7 7. Bf4 Nd5 8.
Nxd5 Qxd5 9. Be2 Nc6 10. Bf3 Qa5+ 11. Bd2 Qb6 12. Nxc6 bxc6 13. c3 O-O 14. Qb3
Qa6 15. Be2 Qb6 16. Bf3 Qa6 17. Be2 Qb6 18. O-O Be6 19. Qa3 Bf6 20. Be3 Bd7 21.
Rfd1 a5 22. b3 Rfd8 23. Rac1 Qb7 24. Qc5 Qb6 25. Qa3 Qb7 26. h3 Be6 27. Rd2 Bd5
28. Bf1 e5 29. Qc5 exd4 30. Bxd4 Bg5 31. Be3 Bf6 32. Bd4 Bg5 33. Be3 Bf6 34.
Rcd1 Re8 35. c4 Be4 36. Bd4 Bxd4 37. Rxd4 Qb6 38. Qg5 c5 39. Rd7 Bf5 40. Re7
Rxe7 41. Qxe7 Qc6 42. Rd5 Re8 43. Qxc5 Qxc5 44. Rxc5 Re1 45. Rd5 Ra1 46. Rd2 a4
47. bxa4 Be6 48. Rc2 Bf5 49. Rd2 Be6 50. Rc2 Bf5 51. Rc3 Rxa2 52. g4 Be6 53.
Bg2 Rxa4 54. Bd5 1/2-1/2

[Event "49th Ilmar Raud Memorial"]
[Site "Viljandi"]
[Date "2015.07.05"]
[Round "9.14"]
[White "Lauk, Ular"]
[Black "Lumiste, Rene"]
[Result "1-0"]
[WhiteElo "2383"]
[BlackElo "1889"]
[PlyCount "59"]
[EventDate "2015.??.??"]
[EventCountry "EST"]

1. e4 d5 2. exd5 Qxd5 3. Nc3 Qa5 4. d4 c6 5. Bc4 Nf6 6. Nf3 Bf5 7. Qe2 e6 8.
Bd2 Qc7 9. O-O-O Nbd7 10. Nh4 Bg6 11. Nxg6 hxg6 12. g3 O-O-O 13. Bf4 Bd6 14.
Bxd6 Qxd6 15. h4 Nd5 16. Ne4 Qe7 17. Ng5 N7f6 18. Bb3 Rhf8 19. Rhe1 Qb4 20. Rd3
Rd7 21. c3 Qa5 22. Nf3 c5 23. Kb1 cxd4 24. Rxd4 Rc7 25. Red1 Kb8 26. Qe5 Ng4
27. Rxg4 f6 28. Qxe6 Nxc3+ 29. bxc3 Qxc3 30. Rgd4 1-0

[Event "49th Ilmar Raud Memorial"]
[Site "Viljandi"]
[Date "2015.07.05"]
[Round "9.15"]
[White "Ruus, Rein"]
[Black "Vovk, Ilja"]
[Result "0-1"]
[WhiteElo "1782"]
[BlackElo "2283"]
[PlyCount "84"]
[EventDate "2015.??.??"]
[EventCountry "EST"]

1. e4 g6 2. d4 Bg7 3. c4 d6 4. Nc3 Nf6 5. Nf3 O-O 6. Bg5 Na6 7. Qd2 Qe8 8. Bh6
e5 9. Bxg7 Kxg7 10. d5 Nc5 11. Bd3 a5 12. h3 Bd7 13. Nh2 Qc8 14. O-O Nh5 15.
Ne2 Qb8 16. Bc2 b5 17. f4 Qb6 18. Rf2 Nxf4 19. Nxf4 exf4 20. Qxf4 bxc4 21. Raf1
Qxb2 22. Ba4 Qe5 23. Bxd7 Qxf4 24. Rxf4 Nxd7 25. Ng4 h5 26. Nf6 Nxf6 27. Rxf6
Rab8 28. R6f2 c6 29. Rd1 cxd5 30. Rxd5 Rfc8 31. Rxd6 c3 32. Rd7 c2 33. Rfxf7+
Kh6 34. Rh7+ Kg5 35. Rd5+ Kf4 36. Rf7+ Kxe4 37. Rdd7 c1=Q+ 38. Kh2 Rb1 39.
Rfe7+ Kf5 40. g4+ hxg4 41. Rf7+ Kg5 42. h4+ Kxh4 0-1

[Event "49th Ilmar Raud Memorial"]
[Site "Viljandi"]
[Date "2015.07.05"]
[Round "9.18"]
[White "Garanin, Aleksei"]
[Black "Haavamae, Henrik"]
[Result "0-1"]
[WhiteElo "1902"]
[BlackElo "2055"]
[PlyCount "46"]
[EventDate "2015.??.??"]
[EventCountry "EST"]

1. e4 c5 2. Nf3 e6 3. d4 cxd4 4. Nxd4 a6 5. Bd3 Qc7 6. c4 Nf6 7. Nc3 b6 8. O-O
Bb7 9. Kh1 h5 10. f3 h4 11. Be3 Nc6 12. Nxc6 Bxc6 13. Rc1 Nh5 14. f4 f5 15. Nd5
Qb8 16. Bd4 Ng3+ 17. hxg3 hxg3+ 18. Kg1 Qd8 19. Nf6+ gxf6 20. exf5 Qe7 21. fxe6
Qg7 22. exd7+ Kf7 23. Qe1 Rh1+ 0-1

[Event "49th Ilmar Raud Memorial"]
[Site "Viljandi"]
[Date "2015.07.05"]
[Round "9.19"]
[White "Tonso, Liina"]
[Black "Vahtra, Tuuli"]
[Result "1/2-1/2"]
[WhiteElo "1605"]
[BlackElo "2025"]
[PlyCount "60"]
[EventDate "2015.??.??"]
[EventCountry "EST"]

1. e4 e6 2. d4 d5 3. exd5 exd5 4. Nc3 c6 5. Qf3 Nf6 6. h3 Be6 7. Bd3 g6 8. Be3
Bg7 9. Nge2 Nbd7 10. O-O-O b5 11. Kb1 Qa5 12. Nc1 Qb6 13. g4 O-O-O 14. Qg3 Ne8
15. N3e2 f6 16. f4 Bf7 17. f5 Bf8 18. Nf4 Bd6 19. Qf2 g5 20. Nfe2 Rf8 21. Bd2
a5 22. h4 h6 23. hxg5 hxg5 24. Rh3 c5 25. dxc5 Bxc5 26. Be3 Nc7 27. Nd4 Ne5 28.
Be2 Nc4 29. Ncb3 Nxe3 30. Rxe3 b4 1/2-1/2

[Event "49th Ilmar Raud Memorial"]
[Site "Viljandi"]
[Date "2015.07.05"]
[Round "9.20"]
[White "Sirp, Karl Aleksander"]
[Black "Dragun, Valentin"]
[Result "0-1"]
[WhiteElo "1767"]
[BlackElo "2099"]
[PlyCount "52"]
[EventDate "2015.??.??"]
[EventCountry "EST"]

1. e4 d6 2. d4 g6 3. Nf3 Bg7 4. Be3 c6 5. Qd2 Nd7 6. Nc3 b5 7. Bd3 Bb7 8. O-O
Qc7 9. Rfe1 a6 10. Bf4 e5 11. dxe5 dxe5 12. Bg3 Ngf6 13. h3 O-O 14. Rad1 Rad8
15. Qg5 Nh5 16. Bf1 h6 17. Qe3 Nxg3 18. fxg3 Rfe8 19. b4 Bf8 20. a3 c5 21. Nd5
Bxd5 22. Rxd5 cxb4 23. axb4 Bxb4 24. Qxh6 Bxe1 25. Rxd7 Qxd7 26. Ng5 f6 0-1

[Event "49th Ilmar Raud Memorial"]
[Site "Viljandi"]
[Date "2015.07.05"]
[Round "9.23"]
[White "Raudsepp, Teet"]
[Black "Viikmaa, Karmen"]
[Result "1-0"]
[WhiteElo "1775"]
[BlackElo "1692"]
[PlyCount "45"]
[EventDate "2015.??.??"]
[EventCountry "EST"]

1. d4 Nf6 2. c4 e5 3. dxe5 Ng4 4. Nf3 Bc5 5. e3 Nc6 6. a3 a5 7. Qd5 Qe7 8. Nc3
Ngxe5 9. Be2 Nxf3+ 10. Qxf3 Ne5 11. Qg3 O-O 12. Nd5 Qd6 13. Bd2 c6 14. Bc3 Re8
15. Rd1 f6 16. Nb6 Nd3+ 17. Bxd3 Qxg3 18. hxg3 Bxb6 19. Bxh7+ Kf7 20. Kd2 g6
21. Rh6 Kg7 22. Rxg6+ Kxh7 23. Rg4 1-0

[Event "49th Ilmar Raud Memorial"]
[Site "Viljandi"]
[Date "2015.07.05"]
[Round "9.25"]
[White "Norlamo, Sarabella"]
[Black "Sinitsina, Anastassia"]
[Result "0-1"]
[WhiteElo "1371"]
[BlackElo "1673"]
[PlyCount "50"]
[EventDate "2015.??.??"]
[EventCountry "EST"]

1. e4 c5 2. Nc3 Nc6 3. Bc4 e6 4. a3 Nf6 5. d3 a6 6. Ba2 Be7 7. f4 d6 8. Nf3 O-O
9. O-O b5 10. Qe1 Bb7 11. Qg3 Rc8 12. f5 exf5 13. exf5 Nd4 14. Nxd4 cxd4 15.
Bh6 Nh5 16. Qg4 dxc3 17. f6 Bxf6 18. bxc3 Bxc3 19. Bxf7+ Rxf7 20. Rxf7 Kxf7 21.
Qxh5+ Kg8 22. Rf1 Bd4+ 23. Kh1 Qe7 24. Bg5 Rxc2 25. Bxe7 Bxg2# 0-1